<?xml version="1.0" encoding="UTF-8"?>
<record
    xmlns:xsi="http://www.w3.org/2001/XMLSchema-instance"
    xsi:schemaLocation="http://www.loc.gov/MARC21/slim http://www.loc.gov/standards/marcxml/schema/MARC21slim.xsd"
    xmlns="http://www.loc.gov/MARC21/slim">

  <leader>00944nam0a22002531  4500</leader>
  <controlfield tag="001">rc\60522</controlfield>
  <controlfield tag="005">20260406081158.0</controlfield>
  <datafield tag="010" ind1=" " ind2=" ">
    <subfield code="a">5-87014-007-2</subfield>
    <subfield code="9">100000</subfield>
  </datafield>
  <datafield tag="035" ind1=" " ind2=" ">
    <subfield code="a">(NLR Aleph) 005336458</subfield>
  </datafield>
  <datafield tag="090" ind1=" " ind2=" ">
    <subfield code="a">6646956</subfield>
    <subfield code="c">6646956</subfield>
  </datafield>
  <datafield tag="100" ind1=" " ind2=" ">
    <subfield code="a">20021216d1992    |||y0rusy50      ca</subfield>
  </datafield>
  <datafield tag="101" ind1="0" ind2=" ">
    <subfield code="a">rus</subfield>
  </datafield>
  <datafield tag="102" ind1=" " ind2=" ">
    <subfield code="a">RU</subfield>
  </datafield>
  <datafield tag="105" ind1=" " ind2=" ">
    <subfield code="a">a   |||||||||</subfield>
  </datafield>
  <datafield tag="200" ind1="1" ind2=" ">
    <subfield code="a">&#x41D;&#x435;&#x433;&#x43E;&#x436;&#x435; &#x43B;&#x438;&#x43B;&#x438;&#x44F;&#x43C; &#x43F;&#x440;&#x44F;&#x441;&#x442;&#x44C;</subfield>
    <subfield code="a">&#x424;&#x440;&#x430;&#x43D;&#x446;&#x443;&#x437;&#x441;&#x43A;&#x430;&#x44F; &#x432;&#x43E;&#x43B;&#x447;&#x438;&#x446;&#x430;</subfield>
    <subfield code="e">[&#x420;&#x43E;&#x43C;&#x430;&#x43D;&#x44B;]</subfield>
    <subfield code="e">&#x418;&#x437; &#x441;&#x435;&#x440;. "&#x41F;&#x440;&#x43E;&#x43A;&#x43B;&#x44F;&#x442;&#x44B;&#x435; &#x43A;&#x43E;&#x440;&#x43E;&#x43B;&#x438;"</subfield>
    <subfield code="f">&#x41C;&#x43E;&#x440;&#x438;&#x441; &#x414;&#x440;&#x44E;&#x43E;&#x43D;</subfield>
    <subfield code="g">&#x41F;&#x435;&#x440;. &#x441; &#x444;&#x440;. &#x41D;. &#x416;&#x430;&#x440;&#x43A;&#x43E;&#x432;&#x43E;&#x439;</subfield>
    <subfield code="g">[&#x418;&#x43B;. &#x410;.&#x412;. &#x424;&#x43E;&#x43A;&#x435;&#x435;&#x432;&#x43E;&#x439;]</subfield>
  </datafield>
  <datafield tag="210" ind1=" " ind2=" ">
    <subfield code="a">&#x41C;.</subfield>
    <subfield code="c">&#x412;&#x438;&#x41C;&#x43E;</subfield>
    <subfield code="d">&#x411;. &#x433;. (1992)</subfield>
  </datafield>
  <datafield tag="215" ind1=" " ind2=" ">
    <subfield code="a">576 &#x441;.</subfield>
    <subfield code="c">&#x438;&#x43B;.</subfield>
    <subfield code="d">21</subfield>
  </datafield>
  <datafield tag="225" ind1="1" ind2=" ">
    <subfield code="a">&#x418;&#x441;&#x442;&#x43E;&#x440;&#x438;&#x44F; &#x415;&#x432;&#x440;&#x43E;&#x43F;&#x44B; &#x432; &#x440;&#x43E;&#x43C;&#x430;&#x43D;&#x430;&#x445;</subfield>
    <subfield code="i">XIV &#x432;&#x435;&#x43A;</subfield>
  </datafield>
  <datafield tag="700" ind1=" " ind2="1">
    <subfield code="8">rus</subfield>
    <subfield code="7">ca</subfield>
    <subfield code="a">&#x414;&#x440;&#x44E;&#x43E;&#x43D;</subfield>
    <subfield code="b">&#x41C;.</subfield>
    <subfield code="g">&#x41C;&#x43E;&#x440;&#x438;&#x441;</subfield>
    <subfield code="f">1918-2009</subfield>
    <subfield code="3">RU\NLR\auth\7745460</subfield>
    <subfield code="9">28398</subfield>
  </datafield>
  <datafield tag="801" ind1=" " ind2="0">
    <subfield code="a">RU</subfield>
    <subfield code="b">NLR</subfield>
    <subfield code="g">psbo</subfield>
  </datafield>
  <datafield tag="801" ind1=" " ind2="1">
    <subfield code="a">RU</subfield>
    <subfield code="b">ELAR</subfield>
    <subfield code="2">rusmarc</subfield>
  </datafield>
  <datafield tag="852" ind1=" " ind2=" ">
    <subfield code="a">NLR</subfield>
    <subfield code="j">93-3/679</subfield>
  </datafield>
  <datafield tag="942" ind1=" " ind2=" ">
    <subfield code="c">BOOK</subfield>
  </datafield>
  <datafield tag="980" ind1=" " ind2=" ">
    <subfield code="a">NB</subfield>
  </datafield>
  <datafield tag="995" ind1=" " ind2=" ">
    <subfield code="5">2013-10-26</subfield>
    <subfield code="b">NLR01</subfield>
    <subfield code="c">NLR01</subfield>
    <subfield code="e">RF91</subfield>
    <subfield code="f">5336458-10</subfield>
    <subfield code="k">93-3/679</subfield>
    <subfield code="o">0</subfield>
    <subfield code="r">BOOK</subfield>
    <subfield code="s">933679_</subfield>
  </datafield>
</record>
